000 00718nam a2200229 i 4500
001 16292
003 ES-MaACL
005 20240501063023.0
007 t|
008 000825s1998 sp ||||1| spa d
020 _a84-8191-190-9
080 _a821.131.1-84"18"
100 1 _aLeopardi, Giacomo,
_d1798-1837
_971704
245 1 0 _aPensamientos /
_cGiacomo Leopardi ; selección, traducción y prólogo de César Palma.
260 _aValencia :
_bPre-Textos,
_c1998.
300 _a174 p. ;
_c19 cm.
490 1 _aPre-textos ;
_v346.
_aEnsayo
700 1 _aPalma, César.
_988608
830 0 _aPre-textos ;
_v346.
_aEnsayo
_9179721
852 _aES-MaACL
_jL-23556
_bR.128849
999 _c16292
_d16292